[Event "Mistrovstvi Cech 2019 - FIDE"]
[Site "?"]
[Date "2019.10.28"]
[Round "3.2"]
[White "Hlavacek, Tomas"]
[Black "Nagy, Ladislav"]
[Result "1/2-1/2"]
[BlackElo "2140"]
[WhiteElo "2157"]
[LiveChessVersion "1.4.8"]

1. Nf3 Nf6 2. d4 e6 3. e3 b6 4. Be2 Bb7 5. O-O Be7 6. c4 O-O 7. Nc3 d5 8. b3 Nbd7
9. Bb2 c5 10. Rc1 Rc8 11. cxd5 exd5 12. Bd3 Ne4 13. Qe2 Qc7 14. Rfd1 Ndf6 15. h3
Qb8 16. Bb1 Rfd8 17. dxc5 bxc5 18. Nxe4 Nxe4 19. Bxe4 dxe4 20. Nd2 Bf8 21. Qg4
Rc6 22. Nxe4 Rg6 23. Qf5 Re8 24. Ng5 f6 25. Nf3 Be4 26. Qh5 Rh6 27. Qg4 Rg6 28.
Qh5 Rh6 29. Qg4 Rg6 30. Qh5 1/2-1/2

[Event "Mistrovstvi Cech 2019 - FIDE"]
[Site "?"]
[Date "2019.10.28"]
[Round "3.3"]
[White "Flajsman, Pavel"]
[Black "Holasek, Pavel"]
[Result "1-0"]
[BlackElo "2120"]
[WhiteElo "1887"]
[LiveChessVersion "1.4.8"]

1. e4 {[%clk 1:30:50]} c5 {[%clk 1:30:52]} 2. Nf3 {[%clk 1:31:09]} e6
{[%clk 1:31:16]} 3. d4 {[%clk 1:31:25]} cxd4 {[%clk 1:31:39]} 4. Nxd4
{[%clk 1:31:55]} a6 {[%clk 1:31:58]} 5. Nc3 {[%clk 1:32:15]} Qc7 {[%clk 1:32:21]}
6. Be2 {[%clk 1:32:34]} b5 {[%clk 1:33:02]} 7. O-O {[%clk 1:32:18]} Bb7
{[%clk 1:32:51]} 8. Bf3 {[%clk 1:24:35]} d6 {[%clk 1:32:58]} 9. a4
{[%clk 1:21:20]} b4 {[%clk 1:32:49]} 10. Na2 {[%clk 1:21:27]} Nf6
{[%clk 1:32:03]} 11. Re1 {[%clk 1:18:37]} e5 {[%clk 1:27:24]} 12. Nf5
{[%clk 1:18:04]} g6 {[%clk 1:27:11]} 13. Ne3 {[%clk 1:13:25]} Nc6
{[%clk 1:22:06]} 14. Nd5 {[%clk 1:08:37]} Nxd5 {[%clk 1:17:31]} 15. exd5
{[%clk 1:08:58]} Nd4 {[%clk 1:17:45]} 16. Qxd4 {[%clk 1:08:57]} a5
{[%clk 1:17:05]} 17. Qd1 {[%clk 1:07:53]} Bg7 {[%clk 1:16:52]} 18. c3
{[%clk 1:05:47]} b3 {[%clk 1:16:32]} 19. Qxb3 {[%clk 1:06:12]} O-O
{[%clk 1:16:56]} 20. Be3 {[%clk 0:55:32]} f5 {[%clk 1:16:38]} 21. Bb6
{[%clk 0:55:50]} Qf7 {[%clk 1:16:31]} 22. c4 {[%clk 0:49:11]} e4 {[%clk 1:13:31]}
23. Be2 {[%clk 0:48:21]} f4 {[%clk 1:12:13]} 24. Bg4 {[%clk 0:46:02]} Bc8
{[%clk 1:11:46]} 25. Bxc8 {[%clk 0:27:06]} Raxc8 {[%clk 1:11:59]} 26. Bxa5
{[%clk 0:25:52]} f3 {[%clk 1:09:08]} 27. Rxe4 {[%clk 0:23:40]} fxg2
{[%clk 1:08:12]} 28. Qg3 {[%clk 0:21:50]} Ra8 {[%clk 1:03:52]} 29. Bc3
{[%clk 0:13:37]} Rxa4 {[%clk 1:03:36]} 30. Rae1 {[%clk 0:12:59]} Bh6
{[%clk 0:53:35]} 31. Nb4 {[%clk 0:11:47]} Bf4 {[%clk 0:44:07]} 32. Qxg2
{[%clk 0:12:01]} Qb7 {[%clk 0:42:16]} 33. Re7 {[%clk 0:11:10]} 1-0

[Event "Mistrovstvi Cech 2019 - FIDE"]
[Site "?"]
[Date "2019.10.28"]
[Round "3.4"]
[White "Mach, Petr"]
[Black "Jun, Rudolf"]
[Result "1/2-1/2"]
[BlackElo "2105"]
[WhiteElo "2050"]
[LiveChessVersion "1.4.8"]

1. Nf3 {[%clk 1:30:58]} Nf6 {[%clk 1:30:56]} 2. c4 {[%clk 1:31:22]} g6
{[%clk 1:30:53]} 3. d4 {[%clk 1:31:42]} Bg7 {[%clk 1:30:57]} 4. Nc3
{[%clk 1:32:07]} d6 {[%clk 1:31:20]} 5. g3 {[%clk 1:32:32]} O-O {[%clk 1:30:56]}
6. Bg2 {[%clk 1:31:05]} c6 {[%clk 1:29:04]} 7. O-O {[%clk 1:30:43]} Qc7
{[%clk 1:26:53]} 8. h3 {[%clk 1:30:21]} Nbd7 {[%clk 1:26:34]} 9. e4
{[%clk 1:30:01]} Re8 {[%clk 1:21:58]} 10. Be3 {[%clk 1:29:55]} a6
{[%clk 1:19:21]} 11. Re1 {[%clk 1:21:00]} e5 {[%clk 1:16:41]} 12. a4
{[%clk 1:15:50]} b6 {[%clk 1:11:38]} 13. d5 {[%clk 1:11:21]} c5 {[%clk 1:11:11]}
14. Nd2 1/2-1/2

[Event "Mistrovstvi Cech 2019 - FIDE"]
[Site "?"]
[Date "2019.10.28"]
[Round "3.5"]
[White "Kotva, Milan"]
[Black "Stanek, Ondrej"]
[Result "0-1"]
[BlackElo "2063"]
[WhiteElo "1906"]
[LiveChessVersion "1.4.8"]

1. e4 {[%clk 1:30:56]} c6 {[%clk 1:30:42]} 2. d4 {[%clk 1:31:16]} d5
{[%clk 1:31:09]} 3. exd5 {[%clk 1:31:37]} cxd5 {[%clk 1:31:34]} 4. Bd3
{[%clk 1:31:49]} Nc6 {[%clk 1:31:59]} 5. c3 {[%clk 1:32:12]} Qc7 {[%clk 1:31:47]}
6. Ne2 {[%clk 1:25:20]} Bg4 {[%clk 1:30:55]} 7. f3 {[%clk 1:25:04]} Bd7
{[%clk 1:31:22]} 8. O-O {[%clk 1:22:23]} e5 {[%clk 1:28:11]} 9. Re1
{[%clk 1:20:22]} Bd6 {[%clk 1:27:12]} 10. dxe5 {[%clk 1:12:26]} Nxe5
{[%clk 1:21:29]} 11. Nd4 {[%clk 1:09:22]} Ne7 {[%clk 0:59:54]} 12. Nb5
{[%clk 0:59:37]} Bxb5 {[%clk 0:58:31]} 13. Bxb5+ {[%clk 0:59:55]} N5c6
{[%clk 0:58:55]} 14. Bxc6+ {[%clk 0:54:25]} bxc6 {[%clk 0:58:57]} 15. h3
{[%clk 0:50:33]} O-O {[%clk 0:58:56]} 16. Nd2 {[%clk 0:46:41]} Qb6+
{[%clk 0:51:10]} 17. Kh1 {[%clk 0:46:42]} Nf5 {[%clk 0:51:15]} 18. Nf1
{[%clk 0:46:46]} Rfe8 {[%clk 0:51:02]} 19. b3 {[%clk 0:35:27]} Qf2
{[%clk 0:49:46]} 20. Bd2 {[%clk 0:31:47]} Nh4 {[%clk 0:48:38]} 0-1

[Event "Mistrovstvi Cech 2019 - FIDE"]
[Site "?"]
[Date "2019.10.28"]
[Round "3.6"]
[White "Kopriva, Martin"]
[Black "Hlavac, Rudolf"]
[Result "0-1"]
[BlackElo "1957"]
[WhiteElo "2039"]
[LiveChessVersion "1.4.8"]

1. d4 d5 2. c4 dxc4 3. Nf3 Nf6 4. e3 e6 5. Bxc4 c5 6. O-O cxd4 7. exd4 Nc6 8. a3
a6 9. Nc3 b5 10. Bb3 Na5 11. Bc2 Bb7 12. Re1 Be7 13. Qd3 O-O 14. Bg5 g6 15. Ne5
Rc8 16. Qh3 Nc4 17. Bh6 Nxb2 18. Bxf8 Qxf8 19. Bxg6 hxg6 20. Nxg6 fxg6 21. Qxe6+
Qf7 22. Qxe7 Rxc3 23. Qb4 Qd5 24. f3 Rc2 25. Re3 Nc4 26. Rd3 Qg5 27. g3 Rc1+ 0-1

[Event "Mistrovstvi Cech 2019 - FIDE"]
[Site "?"]
[Date "2019.10.28"]
[Round "3.7"]
[White "Zizka, Petr"]
[Black "Polansky, Adam Lubos"]
[Result "1-0"]
[BlackElo "2039"]
[WhiteElo "2128"]
[LiveChessVersion "1.4.8"]

1. b3 {[%clk 1:30:53]} a5 {[%clk 1:30:57]} 2. Bb2 {[%clk 1:30:25]} a4
{[%clk 1:31:23]} 3. e4 {[%clk 1:27:46]} e6 {[%clk 1:29:26]} 4. c4
{[%clk 1:24:06]} axb3 {[%clk 1:27:38]} 5. axb3 {[%clk 1:24:21]} Rxa1
{[%clk 1:28:03]} 6. Bxa1 {[%clk 1:24:44]} c5 {[%clk 1:28:15]} 7. g3
{[%clk 1:22:47]} Nc6 {[%clk 1:27:20]} 8. Bg2 {[%clk 1:20:47]} d6 {[%clk 1:26:01]}
9. Ne2 {[%clk 1:20:41]} Nf6 {[%clk 1:26:09]} 10. O-O {[%clk 1:19:49]} g6
{[%clk 1:25:13]} 11. d4 {[%clk 1:18:13]} Bg7 {[%clk 1:23:32]} 12. e5
{[%clk 1:09:27]} dxe5 {[%clk 1:22:06]} 13. dxc5 {[%clk 1:04:15]} Qxd1
{[%clk 1:21:35]} 14. Rxd1 {[%clk 1:04:34]} Nd7 {[%clk 1:22:03]} 15. Bxc6
{[%clk 1:02:21]} bxc6 {[%clk 1:22:28]} 16. b4 {[%clk 1:02:39]} Ba6
{[%clk 1:22:12]} 17. Na3 {[%clk 1:02:42]} Bb7 {[%clk 1:21:58]} 18. Nc3
{[%clk 0:56:36]} Ke7 {[%clk 1:22:00]} 19. Na4 {[%clk 0:50:42]} Rd8
{[%clk 1:13:27]} 20. Kf1 {[%clk 0:38:58]} Rb8 {[%clk 1:12:54]} 21. Nb6
{[%clk 0:28:23]} Nxb6 {[%clk 1:12:00]} 22. cxb6 {[%clk 0:28:47]} Ba6
{[%clk 1:12:28]} 23. b5 {[%clk 0:28:14]} cxb5 {[%clk 1:12:56]} 24. cxb5
{[%clk 0:27:54]} Bc8 {[%clk 1:13:09]} 25. Nc4 {[%clk 0:24:13]} Bd7
{[%clk 1:13:29]} 26. Rb1 {[%clk 0:24:16]} f6 {[%clk 1:12:46]} 27. Bb2
{[%clk 0:21:19]} Bf8 {[%clk 1:13:04]} 28. Ba3+ {[%clk 0:20:52]} Ke8
{[%clk 1:13:02]} 29. Bxf8 {[%clk 0:20:58]} Kxf8 {[%clk 1:13:29]} 30. Ke2
{[%clk 0:21:12]} Ke7 {[%clk 1:13:32]} 31. Kd3 {[%clk 0:21:09]} e4+
{[%clk 1:11:21]} 32. Kc3 {[%clk 0:19:37]} e5 {[%clk 1:11:45]} 33. Kb4
{[%clk 0:19:43]} Be6 {[%clk 1:11:56]} 34. Ra1 {[%clk 0:18:20]} f5
{[%clk 1:10:10]} 35. Nxe5 {[%clk 0:13:27]} Rxb6 {[%clk 1:10:09]} 36. Ra7+
{[%clk 0:12:44]} Kd6 {[%clk 1:08:11]} 37. Nc4+ {[%clk 0:13:06]} Bxc4
{[%clk 1:08:37]} 38. Kxc4 {[%clk 0:13:22]} Rb8 {[%clk 1:07:38]} 39. Ra6+
{[%clk 0:10:07]} Ke5 {[%clk 1:07:59]} 40. Kc5 {[%clk 0:10:18]} g5
{[%clk 1:08:14]} 41. b6 {[%clk 0:08:01]} f4 {[%clk 1:08:31]} 42. gxf4+
{[%clk 0:07:07]} gxf4 {[%clk 1:08:59]} 43. Kc6 {[%clk 0:03:51]} e3
{[%clk 1:09:24]} 44. fxe3 {[%clk 0:04:03]} fxe3 {[%clk 1:08:01]} 45. Kc7
{[%clk 0:03:58]} Rf8 {[%clk 1:08:19]} 46. b7 {[%clk 0:03:31]} e2 {[%clk 1:06:21]}
47. Ra1 {[%clk 0:03:40]} Ke4 {[%clk 1:06:13]} 48. b8=Q {[%clk 0:03:25]} Rxb8
{[%clk 1:06:41]} 49. Kxb8 {[%clk 0:03:48]} h5 {[%clk 1:06:57]} 50. Kc7
{[%clk 0:03:47]} h4 {[%clk 1:07:21]} 51. Kd6 {[%clk 0:03:10]} h3 {[%clk 1:07:15]}
52. Ke6 {[%clk 0:03:04]} Kf3 {[%clk 1:07:30]} 53. Kf5 {[%clk 0:03:17]} Kg2
{[%clk 1:06:47]} 54. Kg4 {[%clk 0:03:27]} Kxh2 {[%clk 1:07:07]} 55. Re1
{[%clk 0:03:47]} 1-0

[Event "Mistrovstvi Cech 2019 - FIDE"]
[Site "?"]
[Date "2019.10.28"]
[Round "3.8"]
[White "Holasek, Vojtech"]
[Black "Pise, Jiri"]
[Result "1-0"]
[BlackElo "1775"]
[WhiteElo "1905"]
[LiveChessVersion "1.4.8"]

1. Nf3 {[%clk 1:30:57]} Nf6 {[%clk 1:30:48]} 2. c4 {[%clk 1:31:21]} g6
{[%clk 1:31:05]} 3. b3 {[%clk 1:31:44]} Bg7 {[%clk 1:31:25]} 4. Bb2
{[%clk 1:32:07]} O-O {[%clk 1:31:44]} 5. d4 {[%clk 1:32:30]} d6 {[%clk 1:32:06]}
6. Nc3 {[%clk 1:32:48]} Nbd7 {[%clk 1:32:01]} 7. e4 {[%clk 1:33:04]} e5
{[%clk 1:31:35]} 8. Be2 {[%clk 1:31:56]} Ne8 {[%clk 1:23:56]} 9. O-O
{[%clk 1:25:52]} f5 {[%clk 1:21:42]} 10. dxe5 {[%clk 1:24:39]} Nxe5
{[%clk 1:17:28]} 11. Nxe5 {[%clk 1:25:00]} Bxe5 {[%clk 1:17:47]} 12. f4
{[%clk 1:24:51]} Bg7 {[%clk 1:17:30]} 13. Qd5+ {[%clk 1:25:12]} Kh8
{[%clk 1:17:25]} 14. e5 {[%clk 1:25:19]} c6 {[%clk 1:06:20]} 15. Qd2
{[%clk 1:25:47]} Qb6+ {[%clk 1:01:13]} 16. Kh1 {[%clk 1:24:55]} dxe5
{[%clk 1:00:10]} 17. fxe5 {[%clk 1:25:02]} Qc7 {[%clk 0:58:00]} 18. Bf3
{[%clk 1:23:39]} Bxe5 {[%clk 0:48:20]} 19. Rfe1 {[%clk 1:22:50]} Bf6
{[%clk 0:47:51]} 20. Rad1 {[%clk 1:18:07]} Ng7 {[%clk 0:38:17]} 21. Qd6
{[%clk 1:17:58]} Qxd6 {[%clk 0:36:47]} 22. Rxd6 {[%clk 1:18:26]} Be6
{[%clk 0:36:31]} 23. Rdxe6 {[%clk 1:18:13]} Nxe6 {[%clk 0:36:48]} 24. Rxe6
{[%clk 1:18:40]} Rae8 {[%clk 0:34:39]} 25. Rxe8 {[%clk 1:18:40]} Rxe8
{[%clk 0:35:02]} 26. Kg1 {[%clk 1:18:59]} Kg7 {[%clk 0:33:22]} 27. Kf1
{[%clk 1:19:09]} Kf7 {[%clk 0:32:48]} 28. Na4 {[%clk 1:18:01]} Bxb2
{[%clk 0:31:13]} 29. Nxb2 {[%clk 1:18:28]} Kf6 {[%clk 0:28:35]} 30. Nd3
{[%clk 1:17:46]} Re7 {[%clk 0:24:46]} 31. Kf2 {[%clk 1:15:53]} g5
{[%clk 0:22:55]} 32. h3 {[%clk 1:13:41]} Kg6 {[%clk 0:20:20]} 33. a4
{[%clk 1:12:52]} h5 {[%clk 0:16:15]} 34. b4 {[%clk 1:11:10]} g4 {[%clk 0:15:20]}
35. hxg4 {[%clk 1:11:32]} fxg4 {[%clk 0:11:39]} 36. Be2 {[%clk 1:11:22]} Kg5
{[%clk 0:11:58]} 37. g3 {[%clk 1:10:57]} h4 {[%clk 0:09:49]} 38. gxh4+
{[%clk 1:11:17]} Kxh4 {[%clk 0:10:15]} 39. Bf1 {[%clk 1:11:37]} g3+
{[%clk 0:08:35]} 40. Kg2 {[%clk 1:11:29]} Kg4 {[%clk 0:06:50]} 41. a5
{[%clk 1:10:11]} Kh4 {[%clk 0:01:45]} 42. b5 {[%clk 1:06:45]} cxb5
{[%clk 0:01:34]} 43. cxb5 {[%clk 1:07:01]} b6 {[%clk 0:01:46]} 44. Nf4
{[%clk 1:06:06]} Kg4 {[%clk 0:01:34]} 45. Nd5 {[%clk 1:05:26]} Re6
{[%clk 0:01:40]} 46. axb6 {[%clk 1:02:52]} axb6 {[%clk 0:02:00]} 47. Bd3
{[%clk 1:00:39]} Rd6 {[%clk 0:01:33]} 48. Be4 {[%clk 1:00:30]} Rh6
{[%clk 0:01:13]} 49. Bf3+ {[%clk 1:00:36]} Kh4 {[%clk 0:01:27]} 50. Ne3
{[%clk 0:58:06]} Rg6 {[%clk 0:01:16]} 51. Bc6 {[%clk 0:54:58]} Rf6
{[%clk 0:00:47]} 52. Bf3 {[%clk 0:52:34]} Rg6 {[%clk 0:01:05]} 53. Be4
{[%clk 0:51:00]} Re6 {[%clk 0:00:42]} 54. Kf3 {[%clk 0:49:20]} Re5
{[%clk 0:00:53]} 55. Bc6 {[%clk 0:49:04]} Rc5 {[%clk 0:00:53]} 56. Kf4
{[%clk 0:47:31]} Kh3 {[%clk 0:00:52]} 57. Bd7+ {[%clk 0:47:48]} Kh2
{[%clk 0:01:05]} 58. Nf1+ {[%clk 0:47:26]} Kg2 {[%clk 0:01:20]} 59. Nxg3
{[%clk 0:47:43]} Rc4+ {[%clk 0:01:09]} 60. Ne4 {[%clk 0:47:37]} Rb4
{[%clk 0:01:18]} 61. Bc6 {[%clk 0:47:22]} Kf1 {[%clk 0:01:11]} 62. Ke5
{[%clk 0:46:38]} Ke2 {[%clk 0:01:16]} 63. Nc3+ {[%clk 0:45:36]} Kd3
{[%clk 0:01:22]} 64. Nd5 {[%clk 0:46:00]} Re4+ {[%clk 0:00:50]} 65. Kd6
{[%clk 0:46:21]} Rd4 {[%clk 0:00:56]} 66. Kc7 {[%clk 0:46:38]} Kc4
{[%clk 0:00:51]} 67. Kxb6 {[%clk 0:46:57]} Rd2 {[%clk 0:00:49]} 68. Nc7
{[%clk 0:43:31]} Rb2 {[%clk 0:00:56]} 69. Bd5+ {[%clk 0:40:56]} Kb4
{[%clk 0:00:48]} 70. Na6+ {[%clk 0:40:50]} Kc3 {[%clk 0:00:37]} 71. Kc5
{[%clk 0:40:51]} Rh2 {[%clk 0:00:47]} 72. b6 {[%clk 0:41:04]} Rh7
{[%clk 0:00:41]} 73. b7 {[%clk 0:40:18]} Rxb7 {[%clk 0:00:45]} 74. Bxb7
{[%clk 0:40:45]} Kb2 {[%clk 0:01:00]} 75. Kc4 {[%clk 0:40:28]} Kc2
{[%clk 0:01:19]} 76. Nb4+ {[%clk 0:39:39]} Kb2 {[%clk 0:01:41]} 77. Bf3
{[%clk 0:36:19]} Ka1 {[%clk 0:01:39]} 78. Kc3 {[%clk 0:35:24]} Kb1
{[%clk 0:02:00]} 79. Nc2 {[%clk 0:32:31]} Ka2 {[%clk 0:02:07]} 80. Be4
{[%clk 0:31:51]} Kb1 {[%clk 0:02:26]} 81. Bd5 {[%clk 0:31:20]} Kc1
{[%clk 0:02:50]} 82. Nd4 {[%clk 0:26:31]} Kb1 {[%clk 0:03:00]} 83. Be4+
{[%clk 0:26:11]} Ka1 {[%clk 0:03:01]} 84. Nb3+ {[%clk 0:23:58]} Ka2
{[%clk 0:03:25]} 85. Bd3 {[%clk 0:23:54]} Ka3 {[%clk 0:03:46]} 86. Bb1
{[%clk 0:23:55]} Ka4 {[%clk 0:04:01]} 87. Nd4 {[%clk 0:23:19]} Ka3
{[%clk 0:02:47]} 88. Nb5+ {[%clk 0:23:25]} Ka4 {[%clk 0:02:59]} 89. Kc4
{[%clk 0:23:44]} Ka5 {[%clk 0:03:15]} 90. Kc5 {[%clk 0:24:00]} Ka4
{[%clk 0:03:32]} 91. Bc2+ {[%clk 0:24:21]} Ka5 {[%clk 0:03:58]} 92. Nc3
{[%clk 0:23:29]} Ka6 {[%clk 0:04:18]} 93. Nd5 {[%clk 0:22:41]} Ka5
{[%clk 0:04:31]} 94. Nb6 {[%clk 0:22:56]} Ka6 {[%clk 0:04:50]} 95. Be4
{[%clk 0:22:02]} Ka5 {[%clk 0:05:15]} 96. Bc6 {[%clk 0:22:02]} Ka6
{[%clk 0:05:41]} 97. Bb5+ {[%clk 0:22:12]} Kb7 {[%clk 0:05:48]} 98. Nd5
{[%clk 0:21:04]} Kc8 {[%clk 0:06:00]} 99. Bc6 {[%clk 0:19:57]} Kd8
{[%clk 0:06:03]} 100. Bb5 {[%clk 0:18:45]} Kc8 {[%clk 0:06:16]} 101. Kc6
{[%clk 0:18:13]} Kd8 {[%clk 0:06:17]} 102. Kd6 {[%clk 0:18:15]} Kc8
{[%clk 0:06:35]} 103. Nb6+ {[%clk 0:17:28]} Kd8 {[%clk 0:06:53]} 104. Nc4
{[%clk 0:15:08]} Kc8 {[%clk 0:07:18]} 105. Ne5 {[%clk 0:14:02]} Kb7
{[%clk 0:07:05]} 106. Nd7 {[%clk 0:13:49]} Kc8 {[%clk 0:06:51]} 107. Nc5
{[%clk 0:13:57]} Kd8 {[%clk 0:06:42]} 108. Nb7+ {[%clk 0:13:17]} Kc8
{[%clk 0:07:02]} 109. Kc6 {[%clk 0:13:25]} Kb8 {[%clk 0:07:27]} 110. Kb6
{[%clk 0:13:05]} Kc8 {[%clk 0:07:44]} 111. Bc6 {[%clk 0:13:13]} Kb8
{[%clk 0:08:01]} 112. Bd7 {[%clk 0:13:28]} Ka8 {[%clk 0:08:17]} 113. Nc5
{[%clk 0:13:50]} Kb8 {[%clk 0:08:34]} 114. Na6+ {[%clk 0:14:16]} Ka8
{[%clk 0:08:59]} 115. Bc6# 1-0

[Event "Narodni Open 2019"]
[Site "?"]
[Date "2019.10.28"]
[Round "3.2"]
[White "Vojir, Vaclav"]
[Black "Holasek, Vit"]
[Result "0-1"]
[WhiteElo "1516"]
[BlackElo "1779"]
[PlyCount "92"]
[SourceVersionDate "2019.10.28"]

1. c4 g6 2. Nc3 Nf6 3. Nf3 d6 4. d4 Bg7 5. g3 O-O 6. Bg2 c5 7. O-O Bg4 8. Be3
Nbd7 9. Qd2 Re8 10. h3 Bxf3 11. Bxf3 Rb8 12. Rab1 a6 13. b4 cxd4 14. Bxd4 Qc7
15. Qd3 Rbc8 16. Bxf6 Nxf6 17. Nd5 Qxc4 18. Nxf6+ Bxf6 19. Qxc4 Rxc4 20. Bxb7
Rb8 21. Bxa6 Rcxb4 22. Rxb4 Rxb4 23. Rc1 Rb2 24. Bc4 Bd4 25. e3 Bc5 26. Bb3 Kg7
27. Kg2 Bxe3 28. Rc2 Rxc2 29. Bxc2 Bb6 30. a4 f5 31. f4 Kf6 32. Kf3 h6 33. g4
e5 34. gxf5 gxf5 35. fxe5+ dxe5 36. h4 e4+ 37. Kf4 Bc7+ 38. Ke3 Ke5 39. Ke2 Kf4
40. Bb3 Bb6 41. Bc4 Kg3 42. h5 f4 43. Bd5 f3+ 44. Kf1 e3 45. Bc4 Kg4 46. Bd5
e2+ 0-1

[Event "Narodni Open 2019"]
[Site "?"]
[Date "2019.10.28"]
[Round "3.1"]
[White "Kurek, Pavel"]
[Black "Vaclavik, Patrik"]
[Result "0-1"]
[WhiteElo "1789"]
[BlackElo "1501"]
[PlyCount "50"]
[SourceVersionDate "2019.10.28"]

1. e4 c6 2. d4 d5 3. e5 Bf5 4. f4 e6 5. Be3 Nd7 6. Nd2 c5 7. Ngf3 Qb6 8. b3 Qa5
9. c4 Qc3 10. Kf2 Nh6 11. h3 Bc2 12. Qe1 Nf5 13. g4 Nxe3 14. Qxe3 Qxa1 15. Bg2
Qxa2 16. cxd5 cxd4 17. Nxd4 Bc5 18. dxe6 fxe6 19. Kg3 Qa6 20. Nc4 O-O 21. Qd2
Bxb3 22. Nxb3 Qxc4 23. Na5 Qb4 24. Qxd7 Qxf4+ 25. Kh4 Bf2+ 0-1

[Event "Narodni Open 2019"]
[Site "?"]
[Date "2019.10.28"]
[Round "3.4"]
[White "Seterle, Matej"]
[Black "Matej, Erik"]
[Result "1-0"]
[WhiteElo "1674"]
[BlackElo "1403"]
[PlyCount "73"]
[SourceVersionDate "2019.10.28"]

1. e4 e5 2. Nf3 Nc6 3. Nc3 Nf6 4. d4 exd4 5. Nd5 Be7 6. Bf4 d6 7. Nxd4 O-O 8.
Nb5 Nxd5 9. exd5 Ne5 10. Be2 Ng6 11. Bg3 Bf6 12. Rb1 Bf5 13. O-O a6 14. Nc3 Qd7
15. Bd3 Rfe8 16. Qd2 Ne5 17. Be4 b5 18. Qf4 Bg6 19. Bxg6 Nxg6 20. Qf3 Ne5 21.
Bxe5 Rxe5 22. Ne4 Rf5 23. Qg4 Be5 24. f4 Bd4+ 25. Kh1 Qc8 26. c3 Bb6 27. Qf3
Qb7 28. Rbd1 Re8 29. g4 Rf6 30. Nxf6+ gxf6 31. Rfe1 Rxe1+ 32. Rxe1 a5 33. g5
fxg5 34. Re8+ Kg7 35. fxg5 h6 36. Qf6+ Kh7 37. Rh8# 1-0

[Event "Narodni Open 2019"]
[Site "?"]
[Date "2019.10.28"]
[Round "3.3"]
[White "Jodas, Daniel"]
[Black "Hadrava, Lukas"]
[Result "1/2-1/2"]
[WhiteElo "1716"]
[BlackElo "1413"]
[PlyCount "85"]
[SourceVersionDate "2019.10.28"]

1. e4 e6 2. d4 d5 3. exd5 exd5 4. Nf3 Nf6 5. Bd3 Bd6 6. O-O O-O 7. Bg5 h6 8.
Bh4 Bg4 9. Nbd2 Nbd7 10. c3 c6 11. Qc2 Qc7 12. Bxf6 Nxf6 13. h3 Bxf3 14. Nxf3
Rfe8 15. Rfe1 g5 16. Bf5 Bf4 17. g3 Bxg3 18. fxg3 Qxg3+ 19. Qg2 Qf4 20. Bc2 Kh8
21. Ne5 Nh5 22. Rf1 Qe3+ 23. Qf2 Rxe5 24. dxe5 Qxh3 25. Bf5 g4 26. e6 c5 27.
Qh2 Qe3+ 28. Kg2 fxe6 29. Qxh5 exf5 30. Qxf5 Qh3+ 31. Kf2 Qh2+ 32. Ke1 Re8+ 33.
Kd1 Qe2+ 34. Kc1 g3 35. Rh1 Qe3+ 36. Kb1 g2 37. Qf6+ Kh7 38. Qf7+ Kh8 39. Rxh6+
Qxh6 40. Qxe8+ Kh7 41. Qf7+ Kh8 42. Kc2 g1=Q 43. Rxg1 1/2-1/2

[Event "Narodni Open 2019"]
[Site "?"]
[Date "2019.10.28"]
[Round "3.5"]
[White "Bulva, Frantisek"]
[Black "Cuvala, Tibor"]
[Result "1/2-1/2"]
[WhiteElo "1575"]
[BlackElo "1366"]
[PlyCount "59"]
[SourceVersionDate "2019.10.28"]

1. e4 d5 2. exd5 Nf6 3. Nc3 Nxd5 4. Nxd5 Qxd5 5. Nf3 Bg4 6. Be2 Nc6 7. O-O e6
8. c3 Be7 9. d4 O-O-O 10. Bf4 f6 11. Re1 g5 12. Bg3 h5 13. h3 Bf5 14. Bd3 h4
15. Bh2 Bd6 16. Bxf5 Bxh2+ 17. Nxh2 exf5 18. Qb3 Qxb3 19. axb3 Rhe8 20. g3 hxg3
21. fxg3 Rxe1+ 22. Rxe1 Na5 23. Rf1 Rd5 24. b4 Nc4 25. Rf2 Nd6 26. Nf1 Ne4 27.
Re2 Rb5 28. Kg2 Kd7 29. Ne3 Nxg3 30. Kxg3 1/2-1/2

[Event "Mistrovstvi Cech 2019 - HD12"]
[Site "Prichovice u Korenova"]
[Date "2019.10.28"]
[Round "3"]
[White "Day, Tobias"]
[Black "Vysinsky, Otakar"]
[Result "1-0"]
[WhiteElo "1807"]
[BlackElo "1422"]
[EventDate "2019.10.26"]

1. e4 d6 2. d4 Nf6 3. Bd3 g6 4. Bg5 Bg7 5. c3 O-O 6. Nd2 e5 7. d5 c6 8. c4 cxd5
9. cxd5 b6 10. Qa4 Nbd7 11. Qc6 Bb7 12. Qxd6 Nc5 13. Qxd8 Nxd3+ 14. Ke2 Rfxd8 15.
Kxd3 Ba6+ 16. Ke3 Bh6 17. Bxh6 Ng4+ 18. Kf3 Nxh6 19. Rc1 f5 20. Nh3 fxe4+ 21.
Nxe4 Nf5 22. Rc7 Rf8 23. Nhg5 h6 24. Ne6 Nd4+ 25. Ke3 Nxe6 26. dxe6 Bb5 27. e7
Rfc8 28. Rxc8+ Rxc8 29. Nd6 Rb8 30. Nxb5 Re8 31. Rc1 Rxe7 32. Rc8+ Kf7 33. Rc7
Rxc7 34. Nxc7 Kf6 35. Ke4 g5 36. Nd5+ Ke6 37. Ne3 b5 38. Ng4 a5 39. Nxh6 b4 40.
Ng4 a4 41. Nxe5 b3 42. axb3 axb3 43. f4 gxf4 44. Kxf4 Kf6 45. g4 Kg7 46. Kg5 Kh7
47. Kf6 Kh8 48. g5 Kg8 49. g6 Kh8 50. g7+ Kg8 51. Ng6 Kh7 52. Ne7 Kh6 53. g8=Q
Kh5 54. Qg5# 1-0

[Event "Mistrovstvi Cech 2019 - HD12"]
[Site "Prichovice u Korenova"]
[Date "2019.10.28"]
[Round "3"]
[White "Cinkova, Vicky"]
[Black "Zelba, Lukas"]
[Result "0-1"]
[WhiteElo "1207"]
[BlackElo "1610"]
[EventDate "2019.10.26"]

1. e4  e6  2. d4  d5
3. exd5  exd5  4. Nc3
Bf5  5. Bd3  Bxd3
6. Qxd3  c6  7. Nge2
Nf6  8. Bg5  Be7
9. O-O-O  Nbd7  10. f3
b5  11. g4  Nb6
12. Ng3  Qc7  13. Rde1  O-O-O
14. Qf5+  Kb7  15. Re2
h6  16. Bf4  Bd6
17. Bxd6  Qxd6  18. Rhe1
Rd7  19. g5  hxg5
20. Qxg5  b4  21. Nb1
g6  22. Nd2  Rc7
23. Nb3  Nfd7  24. Na5+
Ka6  25. Nb3  Kb7
26. Re7  Rh7  27. Nc5+
Nxc5  28. Rxc7+  Kxc7
29. dxc5  Qxc5  30. Re7+
Nd7  31. Qe5+  Qd6
32. Qxd6+  Kxd6  33. Re2
Nf6  34. Kd2  Rh8
35. Kd3  c5  36. c3
a5  37. c4  d4
38. Ne4+  Nxe4  39. fxe4  Rh3+
40. Kd2  Ke5  41. Ke1
Re3  42. Rxe3  dxe3
43. Ke2  Kxe4  44. h3
f5  45. h4  f4
46. b3  f3+  47. Kf1  Kf4
48. Ke1  Kg4  49. h5
gxh5  0-1

[Event "Mistrovstvi Cech 2019 - HD12"]
[Site "Prichovice u Korenova"]
[Date "2019.10.28"]
[Round "3"]
[White "Dobsa, Emma"]
[Black "Soucek, Jan"]
[Result "0-1"]
[WhiteElo "1342"]
[BlackElo "1705"]
[EventDate "2019.10.26"]

1. e4  c5  2. Nf3  Nc6
3. d4  cxd4  4. Nxd4
e5  5. Nb5  d6
6. N1c3  a6  7. Na3  b5
8. Nd5  Nf6  9. Bg5
Be7  10. Bxf6  Bxf6
11. Be2  O-O  12. O-O
Rb8  13. Qd2  Bg5
14. Qd3  g6  15. Rad1
Be6  16. c3  Rb7
17. Nc2  f5  18. Ndb4
Nxb4  19. Nxb4  Rd7
20. Nxa6  Bc4  21. Qc2
Rdf7  22. Bxc4  bxc4
23. Nc5  Qe7  24. Na6
Kh8  25. Nb4  fxe4
26. Qxe4  Qa7  27. Qe2
Bh4  28. g3  Be7
29. Nc6  Qc5  30. Nxe7
Rxe7  31. Qd2  Rf6
32. Qd5  Qc7  33. Ra1
Ref7  34. a4  Qb6
35. Qd2  e4  36. a5
Qa7  37. a6  d5
38. Qd4  Qxd4  39. cxd4  Ra7
40. Ra5  Rfxa6  41. Rxd5
Rb6  42. Rc5  Rxb2
43. Rxc4  Raa2  44. d5
e3  45. d6  Rd2
46. d7  Rxd7  47. fxe3  Rdd2
48. Rf3  Rg2+  49. Kf1
Rxh2  50. Kg1  Rhe2
51. Re4  Kg7  52. g4
Kh6  53. Kf1  Rec2
54. Kg1  Kg5  55. Ref4
Rg2+  56. Kf1  Rxg4
57. Rf7  Rb4  58. Kg1
Rb1+  59. Rf1  Rbb2
60. R1f2  Rxf2  61. Rxf2
Rxf2  62. Kxf2  Kf5
63. Kf3  h5  64. e4+
Ke5  65. Ke3  g5
66. Kf3  Kd4  67. Kg3
Kxe4  68. Kh3  Kf3
69. Kh2  g4  70. Kh1
Kf2  71. Kh2  g3+
72. Kh3  g2  73. Kh4
g1=Q  0-1

[Event "Mistrovstvi Cech 2019 - HD12"]
[Site "Prichovice u Korenova"]
[Date "2019.10.28"]
[Round "3"]
[White "Dudkova, Josefina"]
[Black "Sedmihradsky, Tomas"]
[Result "0-1"]
[WhiteElo "1432"]
[BlackElo "1028"]
[EventDate "2019.10.26"]

1. e4  e6  2. d4  d5
3. Nd2  c5  4. dxc5
Bxc5  5. Bd3  Ne7
6. Ngf3  Nbc6  7. O-O
Qb6  8. Nb3  Bd6
9. Be3  Qc7  10. c3
b6  11. h3  Bb7
12. Re1  O-O-O  13. a4  dxe4
14. Ng5  Bh2+  15. Kh1
Rxd3  16. Qe2  Nf5
17. Nxe4  Ne5  18. f4
Rxe3  19. Qc2  Bxe4 0-1